| 000 | 00530nam a22001817a 4500 | ||
|---|---|---|---|
| 003 | BUBTL | ||
| 008 | 190909b xxu||||| |||| 00| 0 eng d | ||
| 020 | _a978-984-33-5225-5 | ||
| 082 | _a345.35492 / AKC | ||
| 100 |
_92385 _aMd. Akhtaruzzaman |
||
| 245 |
_aCase Management and Court Administration in Bangladesh / _cMd. Akhtaruzzaman |
||
| 260 |
_aDhaka : _cc2014. |
||
| 300 |
_axiv, 394 p. : _c22 cm. |
||
| 650 | 0 |
_926 _aLaw |
|
| 856 |
_k0 _l0 _yDownload |
||
| 942 |
_2ddc _cBK |
||
| 999 |
_c6105 _d6105 |
||